000 00640nam a2200241Ia 4500
001 45027
005 20240114003654.0
007 ta
008 090305s1926 g b000 u 903 u
040 _aCotton College,Assam
041 _a903
082 _a821.91
_bB 519 Q
100 _aBinyon, Laurence .
245 0 _aTher Golden Treasury of Modern Lyrics Book 1 /
_cLaurence Binyon.
_hTextual Documents
250 _a1st ed /
260 _aLondon :
_bMacmillan ,
_c1926.
300 _a236p. ;
_c18 cm.
653 _aT/G-English
653 _aEnglish Poetry
942 _2ddc
_cBK
999 _c44993
_d44993